=LDR 00000nam 2200000 4500 =001 INLIS000000000023571 =005 20130612122226 =008 ***********************************Ind** =035 ##$$0010-061300000023571 =041 ##$$a Ind =082 ##$$a 310 =090 ##$$a 310, Suh s =100 ##$$a Suharyadi =245 ##$$a Statistika, Untuk ekonomi dan keuangan modern, Suharyadi =260 ##$$a 2004 $b Jakarta =300 ##$$a 384 hlm, 26 cm =650 ##$$a Statistika =850 ##$$a NBPNMAT